| 000 | 00850nam a22002297a 4500 | ||
|---|---|---|---|
| 005 | 20170124110225.0 | ||
| 010 | _aB-058592 | ||
| 020 |
_c900.00 _a8176293466 |
||
| 035 | _aB-058592 | ||
| 037 | _bCen Lib/Ret | ||
| 040 |
_aDPL _bEN |
||
| 082 |
_a340.59 _bTAN |
||
| 100 |
_aTanzeem Fatima _940514 |
||
| 245 |
_aIslamic law and judiciary : _cby Tanzeem Fatima _btrend-setting judical pronouncements on islamic law since 1950 / |
||
| 260 |
_aNew Delhi _bDeep & Deep Publications _c2001 |
||
| 270 |
_aF-159, rajouri graden _bNew Delhi _e110027 |
||
| 300 |
_axxxii, 392p. _c21cm(Hb) |
||
| 500 | _aIncludes bibliographical references and index | ||
| 650 |
_aIslamic law _xInterpretation and construction _940515 |
||
| 650 |
_aCriminal law (Islamic law) _xInterpretation and construction _940516 |
||
| 942 |
_2ddc _cEN _h340.59 _mTAN |
||
| 999 |
_c134359 _d134359 |
||